El recurso de amparo frente a los regímenes de emergencia

Zapisane w:
Opis bibliograficzny
1. autor: Caffarena de Jiles, Elena (Autor)
Format: Książka
Język:hiszpański
Wydane: Santiago s. n 1957
Wydanie:1a. ed
Hasła przedmiotowe:
Etykiety: Dodaj etykietę
Nie ma etykietki, Dołącz pierwszą etykiete!

MARC

LEADER 00000cam a2200000 a 4500
001 UCC5248
003 CL-VaPUC
008 180927e19570000cl |||||||||||||||||spa|d
082 0 4 |a 345.056  |b CAF  |2 21 
100 0 |a Caffarena de Jiles, Elena  |e author  |9 345732 
245 1 3 |a El recurso de amparo frente a los regímenes de emergencia 
250 |a 1a. ed 
300 |a 278 p 
942 |c BK 
945 |d 20180927 22:58:00  |a dcastane 
260 |a Santiago  |b s. n  |c 1957 
650 0 |a Recurso de amparo  |9 256122 
650 0 |a Libertad individual  |9 352859 
650 7 |a REGIMENES DE EMERGENCIA  |2 CL-VaPUC  |9 381005 
583 |a last modification  |c 20180927 22:58:00  |k Rodrigo Vera 
999 |c 372504  |d 372502 
952 |0 0  |1 0  |3 erd  |4 0  |6 345_056000000000000_CAF_1957  |7 0  |8 A  |9 490180  |a BIBDER  |b BIBDER  |e Mateluna Arestizabal, Alfredo Sergio  |i 5490278  |o 345.056 CAF 1957  |p 5490278  |r 2023-01-25  |w 2019-11-24  |y BK  |z Catalogado en:20180927  |k DER